Quizzes
Events
Quiz Creation
Community
Videos
Private Events
Remove Ads
Sign In
Join for FREE
Feedback
Dark Mode
Quiz Categories
Sports
Geography
Music
Movies
Television
Just For Fun
Miscellaneous
History
Literature
Language
Science
Gaming
Entertainment
Religion
Holiday
For Kids
Quiz Lab
Recent
Popular Today
Quiz Kudos Today
Editor Picks
Curator Picks
Quizzes by...
Day
Popularity
Type
Ratings
Length
Year
Community
Subscriptions
Recent Discussions
Orange Saloon
Badges
Playlists
Quests
Create
Leaderboards
Showdown
Live 5
Trivia Bingo
Activity
Puzzle Library
Sporcle Events
Private Events
Virtual Trivia
Globe League
Become a Host
Pub Owners
SporcleCon
Opinionation
Our Games
Videos
Blog
Mobile Apps
Partnerships
Remove Ads and Go Orange
Feedback
Holiday
Halloween
Christmas
Holiday Songs
April Fools'
Thanksgiving
Valentine's Day
Easter
St Patrick's Day
National Holiday
Religious Holiday
Holiday
Halloween
Christmas
Holiday Songs
April Fools'
Thanksgiving
Valentine's Day
Easter
St Patrick's Day
National Holiday
Religious Holiday
Random Quiz
Search Sporcle
×
Curator Pick
Curator Pick
Holiday
Religious Holiday
Type in answers that appear in a list
Type in answers that appear in a list
Classic
Best Score? Go Orange.
'Meaning'-less Christmas Songs Stats
Can you name the Christmas songs with the letters of 'MEANING' removed?
By
FilipinoBreloom
2.5m
20 Questions
433 Plays
433 Plays
433 Plays
Comments
Comments
Give Quiz Kudos
Give Quiz Kudos
-
- Ratings
hide this ad
Random Order
Randomize order of answers
Randomize order of answers
Replay
Link that replays current quiz
Next Quiz
Link to next quiz in quiz playlist
You Got
0%
They Got
Avg Score
68%
Avg Friend Score
Upgrade to see
Score Distribution
Jump to the score distribution portion of the page
Score
0/20
Timer
02:30
0
Plays Today
Clue
Christmas Songs
% Correct
L _
T T L _
-
D R U _
_
_
R -
B O Y
Little Drummer Boy
81%
W H _
T E -
C H R _
S T _
_
S
White Christmas
80.7%
F R O S T Y -
T H _
-
S _
O W _
_
_
Frosty the Snowman
79.8%
L _
S T -
C H R _
S T _
_
S
Last Christmas
77%
J _
_
_
L _
-
B _
_
_
S
Jingle Bells
75.4%
R O C K _
_
' -
_
R O U _
D -
T H _
-
C H R _
S T _
_
S -
T R _
_
Rockin' Around the Christmas Tree
75.2%
S _
_
T _
-
C L _
U S -
_
S -
C O _
_
_
_
-
T O -
T O W _
Santa Claus is Coming to Town
74.9%
F _
L _
Z -
_
_
V _
D _
D
Feliz Navidad
74.2%
H _
R K -
T H _
-
H _
R _
L D -
_
_
_
_
L S -
S _
_
_
Hark! The Herald Angels Sing
72.6%
W _
_
T _
R -
W O _
D _
R L _
_
D
Winter Wonderland
72.4%
Clue
Christmas Songs
% Correct
O -
C O _
_
-
_
L L -
Y _
-
F _
_
T H F U L
O Come All Ye Faithful
71.2%
S _
L _
_
T -
_
_
_
H T
Silent Night
70.8%
W _
-
T H R _
_
-
K _
_
_
S
We Three Kings
70.1%
_
L L -
_
-
W _
_
T -
F O R -
C H R _
S T _
_
S -
_
S -
Y O U
All I Want for Christmas Is You
70.1%
S L _
_
_
H -
R _
D _
Sleigh Ride
69.1%
C O V _
_
T R Y -
C_
R O L
Coventry Carol
68.2%
_
_
S T L _
T O _
Mistletoe
64.3%
_
W _
Y -
_
_
-
_
-
_
_
_
_
_
R
Away in a Manger
56.8%
_
U S T -
B _
-
S _
_
T _
Must Be Santa
43.9%
_
_
-
T H _
-
B L _
_
K -
_
_
D W _
_
T _
R
In the Bleak Midwinter
27.8%
Quiz Playlist
Details
Report
Send in Message
Add To Playlist
Classic:
Type in answers that appear in a list
Random Order:
Randomize order of answers
Last Updated: Dec 13, 2021
Curator Pick in
Christmas
Quiz Scoreboard
CHALLENGE
Sign Up to Join the Scoreboard
Show All
Scores
Hide
Comments
May contain spoilers
Recently Published
1-10 Letter E Words III
by El_Dandy
Language
2m
One Thing in Common: World Cities II
by knightlancer
Geography
7m
Popular People in 1961
by mucciniale
History
6m
More to Explore
Quiz From the Vault
Featured Blog Post
Where Did the Easter Bunny Come From?
hide this ad
You Might Also Like...
Tags
Begins and Ends Quiz
Christmas Quiz
Holiday Songs Quiz
Letter Quiz
National Holiday Quiz
Religious Holiday Quiz
Song Quiz
Carol
fill-in-the-blank
Today's Top Quizzes in Holiday
Browse Holiday
hide this ad
Today's Top Quizzes in Religious Holiday
Browse Religious Holiday
Top Contributed Quizzes in Holiday
1
Easter - Did You Know?
2
Holidays Spelling Bee
3
Show What You Know: US Federal Holidays
4
The Holiday Category, A to Z
5
10 to 1: Ramadan
6
The 3rd thing you need to know: Halloween
7
Order the Chinese Zodiac Animals
8
Festive Symbols: Christmas or Hallowe'en?
9
3-per Word Ladder: Listen Up!
10
Slices of Holidays
Explore More
Trending Topics
Harry Potter
Kpop
Disney
Marvel
NBA
Anime
Crossword
The Office
Song
Country
NFL
Soccer
Puzzle
WWE
Pokémon
hide this ad
More By:
FilipinoBreloom
Quiz
Plays
Rating
Category
Featured
Created
4 to 13 Letter 'A' Places
153,813
4.58
Geography
May 8, 2016
4 to 13 Letter 'B' Places
132,137
4.31
Geography
May 9, 2016
4 to 13 Letter 'C' Places
129,547
4.59
Geography
May 11, 2016
4 to 13 Letter 'G' Places
97,489
4.49
Geography
May 15, 2016
4 to 13 Letter 'N' Places
94,969
4.16
Geography
May 24, 2016
Go to Creator's Profile
Score Distribution
Quiz Creator Spotlight
FilipinoBreloom
Follow
Send a Message
Quizzes Created
-
Created Quiz Play Count
-
More By This Creator
Popular Quizzes Today
1
Find the US States - No Outlines Minefield
2
The Countries of the World
3
Find the Countries of Europe - No Outlines Minefield
4
Popular People in 1961
5
1-10 Letter E Words III
6
Find the US States
7
One Thing in Common: World Cities II
8
US States
More Holiday Quizzes
Click a Christmas Inflatable
Editor's Pick
Trending Quizzes
Risky Map Clicking: Least Populous States A-Z
1-10 Letter F Words
1-10 Letter G Words
One Thing in Common: United Kingdom
Risky Map Clicking: Next State Alphabetically
Recently Updated
Leaping Animals
pecheneg
Reality TV Shows (A-Z)
bhenderson79
Rickey Henderson's Hall of Fame Teammates
pecheneg
Champions League XIs: Arsenal
pecheneg
Quick Pick: Celebrities in WWE's Hall of Fame
aduchscher
A-Z Keypad Blitz II
pecheneg
Multiple Oscar Actors
pecheneg
Mystery Phrase Blitz: Oscar 'Best Actors'
pecheneg
F. Scott Fitzgerald Novels
LTH
Pick 3 Villains
ddd62291
Trending Topics
Kpop
Disney
NBA
Harry Potter
Anime
Marvel
Crossword
Song
NFL
The Office
Country
WWE
Pokémon
Soccer
Puzzle
Your Account Isn't Verified!
In order to create a playlist on Sporcle, you need to verify the email address you used during registration. Go to your
Sporcle Settings
to finish the process.
Report this User
Report this user for behavior that violates our
Community Guidelines
.
Details:
Send Report
Go to the Sporcle.com Mobile Site →
Comments